ბათუმის შოთა რუსთაველის სახელმწიფო უნივერსიტეტის ბიბლიოთეკა

ფოსფორის აგროქიმია. (ბიბ.ჩანაწერი № 44703)

000 -LEADER
fixed length control field 00866nam a2200229Ia 4500
001 - CONTROL NUMBER
control field 11508
003 - CONTROL NUMBER IDENTIFIER
control field GE_BSU
008 - FIXED-LENGTH DATA ELEMENTS--GENERAL INFORMATION
fixed length control field 181216s||||||||xx |||||||||||||| ||und||
040 ## - CATALOGING SOURCE
Transcribing agency GE_BSU
080 ## - UNIVERSAL DECIMAL CLASSIFICATION NUMBER
Universal Decimal Classification number 631.85(075.8)
100 ## - MAIN ENTRY--PERSONAL NAME
Personal name ონიანი,ოთარ.
245 ## - TITLE STATEMENT
Title ფოსფორის აგროქიმია.
245 ## - TITLE STATEMENT
Remainder of title დამხმარე სახელმძღვ.სას.სამ.უმაღლესი სასწ.ტუდენტებისათვის.
245 ## - TITLE STATEMENT
Statement of responsibility, etc. რედ:ტ.ხავთასი;გარეკანის მხატვ:ო.მესხი.
260 ## - PUBLICATION, DISTRIBUTION, ETC.
Place of publication, distribution, etc. თბილისი.
260 ## - PUBLICATION, DISTRIBUTION, ETC.
Name of publisher, distributor, etc. განათლება.
260 ## - PUBLICATION, DISTRIBUTION, ETC.
Date of publication, distribution, etc. 1980.
300 ## - PHYSICAL DESCRIPTION
Extent 397გვ;22სმ.
300 ## - PHYSICAL DESCRIPTION
Accompanying material ცხრ.
653 ## - INDEX TERM--UNCONTROLLED
Uncontrolled term ფოსფორის აგროქიმია.
942 ## - ADDED ENTRY ELEMENTS (KOHA)
Koha item type წიგნი
ეგზემპლარები
Withdrawn status Lost status Damaged status Not for loan Date acquired Barcode Date last seen Price effective from Koha item type
        2018-12-17 20084 2018-12-17 2018-12-17 წიგნი
        2018-12-17 20085 2018-12-17 2018-12-17 წიგნი
        2018-12-17 20086 2018-12-17 2018-12-17 წიგნი
        2018-12-17 20087 2018-12-17 2018-12-17 წიგნი